المنشات المعماريه فى عصر الخديوى اسماعيل : (Record no. 63050)
[ view plain ]
| 000 -الفاتح | |
|---|---|
| حقل البيانات ثابتة الطول | 00932nam a22002297a 4500 |
| 005 - وقت وتاريخ اخر تعامل مع التسجيلة | |
| رقم الضبط | 20240530110621.0 |
| 008 - عناصر البيانات ثابتة الطول - معلومات عامة | |
| حقل البيانات ثابتة الطول | 160905s2014 ua a f 000 0 ara d |
| 017 ## - رقم الايداع القانونى | |
| رقم الايداع القانونى | 2010/17655 |
| المصدر ( الهيئة المختصة) | مصر . دار الكتب المصريه |
| 020 ## - الرقم الدولى المعيارى للكتب | |
| الرقم الدولى المعيارى للكتاب | 9789772088076 |
| 040 ## - مصدر الفهرسة | |
| وكالة الفهرسة الأصلية | EG-CaGPL |
| 082 04 - رقم تصنيف ديوى العشرى | |
| رقم الطبعة | 21 |
| رقم التصنيف | 962.16 |
| رقم المادة | ق/ أ م |
| 100 0# - المدخل الرئيسى - إسم شخصى | |
| الإسم الشخصى | أحمد محمد على . |
| 245 12 - بيان العنوان | |
| العنوان | المنشات المعماريه فى عصر الخديوى اسماعيل : |
| بقية العنوان | دراسه تاريخيه اثريه / |
| بيان المسئوليه,etc | احمد محمد على غباشى . |
| 250 ## - بيان الطبعة | |
| بيان الطبعة | ط1 . |
| 260 ## - PUBLICATION, DISTRIBUTION, ETC. (IMPRINT) | |
| تاريخ النشر أو التوزيع | 2014 . |
| 300 ## - الوصف المادى | |
| التعداد | 284 ص : |
| تفاصيل ماديه اخرى للوعاء | ايض ؛ |
| أبعاد الوعاء | 24 سم . |
| 490 0# - بيان السلسلة | |
| عنوان السلسلة | صفحات من تاريخ مصر |
| رقم المجلد/ التعيين التسلسلي | 61 |
| 504 ## - تبصرة ببليوجرافية | |
| تبصرة ببليوجرافية,الخ | ببليوجرافيه : ص 265 - 276 |
| 651 04 - المدخل الاضافى بالموضوع - اسم جغرافى | |
| الاسم الجغرافي | مصر |
| التقسيم الفرعي العام | تاريخ |
| التقسيم الفرعي الزمني | عصر اسماعيل من (1863 - 1879 م ) . |
| 942 ## - عناصر المدخل الإضافي( كوها) | |
| مصدر التصنيف او مخطط الترفيف | Dewey Decimal Classification |
| Koha [default] item type | كتاب |
| 260 ## - PUBLICATION, DISTRIBUTION, ETC. (IMPRINT) | |
| -- | القاهره : |
| -- | مكتبه مدبولى ، |
| حالة التراجع | حالة الفقد | حالة تلف | ليس للاعارة | المكان المؤقت | الموقع الحالى | موقع الترفيف | تاريخ الاكتساب | اجمالي اﻻعارات | رقم الطلب | الباركود | تاريخ اخر مشاهدة | تاريخ تفعيل السعر | نوع وعاء كوها |
|---|---|---|---|---|---|---|---|---|---|---|---|---|---|
| مكتبة القاهرة الكبرى | مكتبة القاهرة الكبرى | 12/20/2016 | 962.16 ق/ أ م | 163002 | 12/20/2016 | 12/20/2016 | كتاب |

